K-pop Groups #2 - Statistics

General Stats
  • This quiz has been taken 105 times
  • The average score is 11 of 16
Answer Stats
Picture Answer % Correct
Blackpink
99%
Straykids
97%
Itzy
96%
TXT
92%
Kep1er
85%
Mamamoo
83%
Seventeen
83%
Illit
82%
Nct 127
71%
Girls Generation
68%
Exo
67%
Zerobaseone
60%
Orange Caramel
50%
Miss A
32%
WEi
13%
After School
8%
No matching quizzes found
Score Distribution
Percent of People with Each Score
Percentile by Number Answered
Your Score History
You have not taken this quiz